|
|
|
|
| LEADER |
00000nam0a2200000 4500 |
| 001 |
129512 |
| 005 |
20231101220201.0 |
| 035 |
|
|
|a (RuTPU)RU\TPU\book\140175
|
| 090 |
|
|
|a 129512
|
| 100 |
|
|
|a 20080124d2007 km y0rusy50 ca
|
| 101 |
0 |
|
|a rus
|
| 102 |
|
|
|a RU
|
| 105 |
|
|
|a a z 001zy
|
| 200 |
1 |
|
|a Введение в молекулярную физику поверхности
|f Л. И. Шабалин
|
| 210 |
|
|
|a Новосибирск
|c СНИИГГиМС
|d 2007
|
| 215 |
|
|
|a 258 с.
|c ил.
|
| 320 |
|
|
|a Список литературы: с. 236-248.
|
| 330 |
|
|
|a В этой, уже десятой книге, посвященной поверхностным явлениям, автор суммирует результаты своих исследований по молекулярной физике поверхности. Главной целью исследований является разработка идеи о существовании в природе неизвестной науке силы, названной сила разуплотнения поверхностного слоя (СРПС) жидких, твердых и газообразных веществ, являющейся фундаментальным явлением природы. Книга предназначена для широкого круга специалистов в областях естественных и технических наук, работы которых связаны с процессами на поверхности веществ.
|
| 606 |
|
|
|a Поверхности
|x (молекулярная физика)
|2 stltpush
|3 (RuTPU)RU\TPU\subj\66085
|9 82315
|
| 610 |
1 |
|
|a физика
|
| 610 |
1 |
|
|a молекулярная физика
|
| 610 |
1 |
|
|a поверхностные явления
|
| 610 |
1 |
|
|a газы
|
| 610 |
1 |
|
|a кинетическая теория
|
| 610 |
1 |
|
|a жидкости
|
| 610 |
1 |
|
|a объемные свойства
|
| 610 |
1 |
|
|a твердые вещества
|
| 675 |
|
|
|a 539.196
|v 3
|
| 700 |
|
1 |
|a Шабалин
|b Л. И.
|g Леонид Иванович
|
| 801 |
|
1 |
|a RU
|b 63413507
|c 20080124
|g PSBO
|
| 801 |
|
2 |
|a RU
|b 63413507
|c 20191108
|g PSBO
|
| 942 |
|
|
|c BK
|